MARC

LEADER 00000nam0a2200000 4500
001 198978
005 20231031184125.0
035 |a (RuTPU)RU\TPU\book\216992 
090 |a 198978 
100 |a 20110714d1937 k y0rusy50 ca 
101 0 |a rus 
102 |a UA 
105 |a y z 001zy 
200 1 |a Операционное исчисление и контурные интегралы  |f А. М. Эфрос, А. М. Данилевский 
210 |a Харьков  |c Государственное научно-техническое изд-во Украины  |d 1937 
215 |a 384 с. 
320 |a Библиогр.: с. 373-377. 
610 1 |a операционное исчисление 
610 1 |a контурные интегралы 
610 1 |a кабели 
610 1 |a линии 
610 1 |a напряжения 
610 1 |a электрические фильтры 
610 1 |a электромагнитные процессы 
675 |a 517.445  |v 3 
700 1 |a Эфрос  |b А. М. 
701 1 |a Данилевский  |b А. М. 
801 1 |a RU  |b 63413507  |c 20110714 
801 2 |a RU  |b 63413507  |c 20140430  |g RCR 
942 |c BK